[Event "2016 Canadian Open"]
[Site "Windsor"]
[Date "2016.07.11"]
[Round "2"]
[White "Vettese, Nicholas"]
[Black "Tarjan, James"]
[Result "0-1"]
[WhiteElo "2147"]
[BlackElo "2447"]
[Annotator "James Tarjan"]
[PlyCount "92"]
[EventDate "2016.07.??"]
[EventType "swiss"]
[EventRounds "9"]
[EventCountry "CAN"]
[SourceTitle "Chess Canada"]
[Source "CFC"]
[SourceDate "2017.10.01"]
[SourceVersion "1"]
[SourceVersionDate "2018.04.02"]
[SourceQuality "1"]

{[%mdl 32768]} {In this event I faced quite a number of talented, very young
players. Clearly they had me, and my old man rating points, in their bombsites.
Well then, turnabout is fair play and I prepared for them and researched them
carefully. I learned that Vettese at age ten had become the youngest National
Master in Canadian history, though, if I am not mistaken, by the time of our
game he had matured to the age of 12. He beat me there by a few years: I think
I must have been 14 before I was master strength. A late bloomer, by today's
standards.} 1. e4 c6 2. d4 d5 3. e5 c5 {[#] Really an odd idea, moving the
c-pawn twice. 3. ...Bf5 of course is the more common, and more logical
approach. As opposed to the French, Black gets his bishop out in front of his
pawn chain, where, presumably at least, it is better placed.  However, if
these matters were so simple and straightforward, chess would be a much more
trivial game, and we wouldn't be so willing to spend our time on it.  If you
go back, you will see Botvinnik using 3. ...c5 against Tal in their second
World Championship match.} 4. Nf3 {Not the only move of course, but a popular
one in this tournament. 4.dxc5 also makes sense, as does 4.c4.} cxd4 5. Nxd4 e6
({Against Kaiqi Yang in the fourth round, I played the alternative:} 5... Nc6
6. c4 e6 7. Nc3 Bb4 8. Nxc6 bxc6 9. Qa4 {and then the interesting pawn
sacrifice} Rb8) 6. c4 {After 5. ...e6 White has a great deal of leeway. He
could play practically any developing move. His 6.c4 is logical. 6.Bd3; or 6.
Nd2 with the idea 6. ...Nc6 7.Nd2-f3.} Bb4+ 7. Nc3 ({Sharper here would be} 7.
Bd2 Bxd2+ 8. Qxd2 Ne7 9. Nc3 O-O 10. O-O-O) 7... Ne7 {[#] It is pleasant for
Black that he has delayed ...Nc6, and is already set to castle. Now 8.Qa4+
makes little sense because after 8. ...Nc6 9.Nxc6 Black can play 9. ...Nxc6.}
8. Qb3 Nbc6 9. Nxc6 Nxc6 10. cxd5 Qxd5 11. Qxb4 Nxb4 12. Nxd5 exd5 13. Bb5+ {
[#] I believe that had if we had played this game in another year or two,
Vettese would not even consider this move. The exchange of bishops resolves
the position in Black's favor. His remaining bishop is classically bad,
blocked by his own pawns, especially after an f2-f4. Black's N has promising
outposts. The passed d-pawn is a plus, and Black still has a lead in
development, getting his rook to the open c-file first.  13.Kd1 is much more
double-edged and unclear. White keeps his two bishops. There are still enough
pieces on the board that White's king on d1 might be uncomfortable; but things
could also swing the other way and the centralized king could end up
well-positioned for the endgame.} Bd7 14. Bxd7+ Kxd7 15. O-O Rac8 16. Bd2 Nc6
17. Bc3 Ke6 18. Rfd1 Rhd8 19. f4 d4 20. Bd2 d3 21. Kf2 ({editor - fighting for
the c-file with} 21. Rac1 $1 {looks better. Now, N-move Rxc8 will deflect the
Rd8 from defending d4, giving White time to bring over his K and the black
d-pawn may have advanced a bit too soon; e.g.} Nd4 22. Rxc8 Rxc8 23. Kf2) 21...
Nd4 22. Rac1 Rc2 {[%mdl 64] [#]Critical Position What happens after 23.Rxc2?}
23. Rb1 ({editor - there are some very sharp tactics here after} 23. Rxc2 $5
dxc2 $1 (23... Nxc2 $11) 24. Rf1 $8 (24. Rc1 $2 Nb3 $8 $19 {and ...Rxd2.})
24... Nf3 $1 (24... Nf5 25. Ke2 $13) 25. f5+ $8 (25. Bc1 Nxh2 $19) (25. Kxf3
Rxd2 26. Rc1 Kd5 $19) 25... Kxe5 (25... Kxf5 $4 26. Kxf3 Rxd2 27. Ke3+ $18) 26.
Bc3+ Kxf5 (26... Nd4 $2 27. Ke3 $18) 27. Ke2 $8 c1=Q 28. Rxc1 $15 {and Black
can go into a nominally better R ending after ...Nd4+.}) 23... h5 24. Ke3 Nf5+
25. Kf3 Rd5 {White is clearly in trouble. He comes up with a nice trap.} 26.
Bc3 Nh4+ 27. Kg3 {[#]} Nf5+ (27... Nxg2 $2 28. Bd2 $1 {Trapping the N.}) ({
After the game Vettese pointed out the possibility of} 27... g5 28. fxg5 Nxg2
29. Bd2 Rxe5 $19 {Seems convincing, though I don't see how he holds the
position anyway, as the game went.}) 28. Kf3 Nh4+ 29. Kg3 Ng6 30. Rd2 Rxd2 31.
Bxd2 Rc5 32. Rc1 Rc2 33. Rxc2 dxc2 34. Kf2 Kf5 {[#]} 35. g3 ({The only hope is
to keep Black's king out of e4 with} 35. Kf3 {but after} Ne7 {it is lost anyway
}) 35... Ke4 36. Ke2 h4 37. Bc1 h3 38. b4 $6 b5 39. a3 Ne7 40. g4 Nc6 41. Kd2 {
[#] I gather that young players now are trained never to resign, or at least
not until things are very very over. It was annoying the first time, seemed
disrespectful, but now I am OK with it. And I have come around to agree that
it is a good practice for them. After all, it was Tartakower, was it not, who
said, "No one ever won a game by resigning." And people will indeed blunder...
but not this time.} Kxf4 {Various ways to win I am sure, but always good in
practice to choose the way that offers the opponent absolutely no chance
whatsoever.} 42. Kxc2+ Kxg4 43. Be3 Kf3 44. Kd2 a6 45. Bc5 Nxe5 46. Bf8 g5 0-1

[Event "2016 Canadian Open"]
[Site "Windsor"]
[Date "2016.07.16"]
[Round "6"]
[White "Ivanov, Mike"]
[Black "Tarjan, James"]
[Result "1/2-1/2"]
[WhiteElo "2260"]
[BlackElo "2443"]
[Annotator "Mike Ivanov"]
[PlyCount "107"]
[EventDate "2016.07.??"]
[EventType "swiss"]
[EventRounds "9"]
[EventCountry "CAN"]
[SourceTitle "Chess Canada"]
[Source "CFC"]
[SourceDate "2017.10.01"]
[SourceVersion "1"]
[SourceVersionDate "2018.04.02"]
[SourceQuality "1"]

{[%mdl 32768] Going into this game, I prepared the Caro-Kann, hoping to play
the sharp Karpov variation as White. However, James rightly sidestepped my
preparations. In round 9 however, Andrew Peredun got the chance to show
exactly why the Karpov variation (4.... Nbd7) is so fun for White (Nxe6!).} 1.
e4 e5 2. Nf3 Nc6 3. d4 exd4 4. Nxd4 Bb4+ $5 {[#] Even though I was aware that
he'd played the Scotch in the past, I wasn't expecting this particular
variation from him. Thankfully, I recently read an article by Rublevsky
showing how to get an advantage here for White.} 5. c3 Bc5 6. Be3 Bb6 7. Nf5 {
The main move which allows White to get a solid position with a small plus due
to the space advantage and bind on Black's counterplay.} Bxe3 (7... g6 8. Bxb6
axb6 9. Ne3 Nf6 10. f3 O-O 11. c4 d5 $1 {is interesting.}) 8. Nxe3 Nf6 9. f3
O-O 10. c4 {[#] Getting a Maroczy Bind without dark-square bishops, which
normally benefits Black, but in this case Black has a less chance of a ...b5
or ...d5 breakthrough than in usual hedgehog structures.} d6 11. Nc3 Nd7 12.
Qd2 Nc5 13. Be2 {[#]} a5 $6 {Although this natural move can't be bad, I think
Black should consider ...Qh4+ here weakening White's kingside. After the text
move, Black slowly gets pushed back, while the c8 bishop has trouble
developing.} (13... Qh4+ 14. g3 Qd8 15. O-O Bh3 16. Rfe1 Re8 17. Rad1 a5 {
with a bit more breathing space for Black than in the game.}) 14. O-O Be6 15.
Rae1 {[#] The rook might be better placed on d1, in view of the eventual f4,
e5 push. I wanted to keep the option of Bd1-c2 open, not being the biggest fan
of my e2 bishop.} f6 16. Kh1 Ne5 17. b3 {The second the knight leaves c5, b3
is playable since ...a4 can be met with b4.} Re8 18. Rb1 {Switch in plans.
Since Black has no play, it doesn't make sense to give him a target on e4 by
pushing f4. More reasonable is to gain space on the queenside before comitting
to anything.} c6 $1 {[#]} 19. f4 (19. Rbd1 Qb6 20. Qxd6 Rad8 {is where I
stopped calculating, but the line might not even stop here :)} 21. Ncd5 $1 Bxd5
22. Nxd5 Rxd6 ({editor -} 22... Qa7 23. Ne7+ Kf7 $8 24. Qc7 $8 Qb8 $8 25. Qxb8
$14) 23. Nxb6 Red8 24. Rxd6 Rxd6 25. Rd1 Rxd1+ 26. Bxd1 Ned3 {and even though
White is up a pawn, Black's well-positioned knights and White's bad d1-bishop
fully compensate.}) 19... Nf7 20. Bd1 Qb6 21. a3 {Creating the threat of b4,
and if the knight dares to retreat to d7, f5! traps the bishop} Bc8 22. Bc2 Qc7
23. Rf3 {Diagram [#] White can now slowly develop a kingside attack, bringing
in the rooks and knights. At the same time Black's position is rock solid.
This position is analogous to King's Indian Defenses where Black plays ...exd4
at some point, except there is no Black bishop on g7 to give any hope for
counterplay.} Nd7 24. Rbf1 Nf8 25. Rg3 Kh8 26. Qd1 $2 {A waste of time since
the queen is scarier from d3.} Nh6 27. Qd3 Be6 28. Ne2 Bf7 {[#]} 29. Rh3 (29.
Nd4 Bg6 $1 {tempting the pawn forward to get the e5 square} 30. f5 Bf7 31. Nf3
Nd7 32. Qd4 Ne5 (32... d5 $5)) 29... Bg6 30. Ng3 $1 {This way White doesn't
have to lock the structure with f5 which immobolizes the pawns while giving
black knights outposts.} Rad8 31. Qc3 (31. Rxh6 $1 gxh6 32. Qc3 Nd7 33. Ngf5 h5
34. Rd1 {looked interesting but Black has enough rooks to cover the important
squares.}) 31... Ng8 32. Rf3 Qb6 {Diagram [#]} 33. Rh4 $6 {Going for the wrong
idea of doubling rooks, against which Black can always insert ...h6 and hold.}
(33. Ngf5 Qc7 34. Rf1 Rd7 35. b4 axb4 36. axb4 Ra8 37. g4 {Slowly pressing on
all sides was better, but I'm still convinced that Black can hold since
everything is defended}) 33... Rd7 34. f5 $2 {[#] impatience in action, as I
got annoyed that Black's "sleeping beauties" could still ward off my pieces
which are almost perfectly placed. The thinking behind it was to give up the
e5 square for the f4/g6/e6 squares and double up with Rh3.} Bf7 35. Ne2 Rde7 (
35... d5 36. exd5 cxd5 37. c5 Qc7 38. Nd4 {looked pleasant for White.}) (35...
h6 36. Nf4 Nh7 37. b4 Ng5 {gave more counterplay for Black, and is probably
better than what happened in the game.}) 36. Nf4 h6 37. Rg4 Ra8 (37... Nh7 38.
h4) 38. Rfg3 Be8 {[#]} 39. Rh4 {Not wanting to make any big decisions before
the time control. Ironic, because I ended up making one anyway.} (39. Ne6 $1
Nxe6 40. fxe6 $18 {would have been awesome to find, but I had only 30 seconds
left. Black is in practical zugzwang since he can't take on e6 and Nf5 is
coming. editor - At the end of this line Black might be able to untangle by
scrambling White's Rs with ...h5, but it's hard to believe that this won't
leave White with other ways to crack the kingside.}) 39... Nd7 {[%mdl 64]
Diagram [#]Critical Position} 40. Ng6+ $2 {The problem is that ...d5 is a
potential threat plus ...Ne5 is coming, so I felt I had to do something fast,
despite needing one move to reach that sacred time control. Another addition
to the series of "Mistakes Played on the 40th Move".} (40. Ne6 $1 {once again
should be the way to go, and White can start to look for the final blow such
as Nxg7.} Ne5 (40... Rxe6 41. fxe6 Ne5 42. Rf4 Rd8 43. Nf5 $18) (40... Nc5 41.
Nxg7 Rxg7 42. Rxh6+ Nxh6 43. Qxf6 Qc7 44. Qxh6+ Kg8 45. Ng4 $18) 41. c5 $1 dxc5
42. Nc4 $1 Qa6 43. Kg1 Nxc4 44. Rxg7 $1 Rxg7 45. Rxh6+ $1 Nxh6 46. Qxf6 {#2.})
40... Bxg6 41. fxg6 Qc5 42. Qd2 Re5 43. Nf5 {My plan when playing Ng6 was
simple: put all the pieces on h6 and sac the knight. Too bad the rook got in
the way...} Rxf5 $1 44. exf5 Re8 {Diagram [#]} 45. h3 $1 {Avoiding many
annoying back-rank tricks. Although white is up an exchange, a3 is falling,
and the bishop on c2 isn't much of a bishop. The knights can start to dominate
the position if white's not careful} (45. b4 axb4 46. axb4 Qe5 47. Kg1 $16 (47.
Re4 $4 Qa1+ $19)) 45... Qxa3 46. Rd4 Ne5 47. Kh2 Rd8 {Diagram [#]} 48. Re3 $2 {
Here I missed the last easy win, a neat simplifying tactic} (48. b4 $1 Qxb4 49.
Qxb4 axb4 50. c5 $18) 48... Qc5 49. Re1 Ne7 50. Rh4 Ng8 {Diagram [#]} 51. Rd4 {
Because of the texture of the position I decided to repeat moves, yet it turns
out that because of the d6 weakness coupled with threats on h6, White can
force ...d5, after which he has great winning chances. Although at the time,
looking at that bishop on c2 didn't inspire too much confidence in my winning
chances.} (51. Rd1 $1 d5 52. Qd4 Qd6 53. Kh1 a4 (53... Qb8 54. Qd2 (54. c5 Nd7
55. b4 axb4 56. Qxb4 Qa7 57. Bb3 Nxc5 $13) 54... b6 $16) 54. cxd5 axb3 55. Bxb3
c5 56. Qa4 {With more chances to win than to draw.}) 51... Ne7 52. Rh4 Ng8 53.
Rd4 Ne7 54. Rh4 {And here we agreed on a draw, partially due to the respect I
had for my experienced opponent. Nevertheless, the lesson that can be taken
from this game is summed up by a Nigel Short quote:  If your opponent offers
you a draw (or a 3-fold repetition!) figure out why he thinks he's worse!}
1/2-1/2

[Event "2016 Canadian Open"]
[Site "Windsor"]
[Date "2016.07.17"]
[Round "9.1"]
[White "Antal, Gergely"]
[Black "Banerjee, Bitan"]
[Result "1-0"]
[WhiteElo "2545"]
[BlackElo "2368"]
[Annotator "Upper,John"]
[PlyCount "73"]
[EventDate "2016.07.??"]
[EventType "swiss"]
[EventRounds "9"]
[EventCountry "CAN"]
[SourceTitle "Chess Canada"]
[Source "CFC"]
[SourceDate "2017.10.01"]
[SourceVersion "1"]
[SourceVersionDate "2018.04.02"]
[SourceQuality "1"]

{[%mdl 32768]} 1. e4 e6 2. d4 d5 3. Nd2 Nf6 4. e5 Nfd7 5. Bd3 c5 6. c3 Nc6 7.
Ne2 cxd4 8. cxd4 {[#] A familiar sequence from Tarrasch French. The next few
moves are about trying to establish piece control over e5.} f6 9. exf6 Nxf6 10.
O-O Bd6 11. Nf3 Qc7 12. Bg5 O-O 13. Bh4 Nh5 {[#] The Nh5 discourages Bg3. Now
White tries to show that Black's kingside is getting porus.} 14. Qc2 h6 15.
Bh7+ (15. Bg6 {is also played, but the check is a useful finesse, since it
makes Black's king vunlerable to back rank mates, and so rules out some
equalizing tactics.}) 15... Kh8 16. Bg6 Rxf3 $1 {[#] The necessary "sac",
removing a defender of d4 and giving White a chance to wreck his kingside.} 17.
Bxh5 {The prudent line.} (17. gxf3 $5 Bxh2+ 18. Kg2 Nf4+ 19. Nxf4 (19. Kxh2
Nxg6+ 20. Bg3 Qf7 $15) 19... Qxf4 $13 {this is the sort of mess Black is
hoping for.}) 17... Rf8 {Also the prudent choice. Black can insist on giving
up the exchange with ...Rf5 or ...Bxh2+.} (17... Bxh2+ $5 18. Kh1 Rf5 19. Bg6
Bd6 20. Bxf5 exf5 21. Rae1 {[#]Analysis Diagram} Qf7 (21... Kg8 $5 22. Bg3 f4
23. Nxf4 Bxf4 24. Re8+ Kf7 25. Qh7 $3 Bxg3 (25... Nxd4 26. Qg8+ Kg6) (25...
Kxe8 26. Qg8+ Kd7 27. Qxg7+ Ne7 28. Re1 $18) 26. Qg8+ Kg6 27. fxg3 Qxg3 28.
Qxd5 Qh4+ 29. Kg1 Nxd4 {1-0 Matsenko,S (2435)-Arslanov,S (2365) Serpukhov,
2009.}) 22. Bg3 Bb4 (22... f4 $2 23. Nxf4 Bxf4 24. Bxf4 Qxf4 25. Re8+ $18) 23.
Rd1 Bd7 24. a3 Ba5 (24... Be7 25. Rfe1 Bf6 26. Qb3 b6 $2 27. Nf4 Bxd4 28. Qxd5
$16 {1/2-1/2 (46) Antal,G (2447)-Michielsen,J (2314) Pardubice 2007}) 25. b4
Bb6 26. Rfe1 Re8 27. Nf4 Rxe1+ 28. Rxe1 g5 $11 {(1-0, 66) Boruchovsky,A (2536)
-Williams,S (2429) Douglas, 2015.}) 18. Bg3 Bd7 {[#]There are over 100 games
in the MegaBase from here, with no clear consensus on White's best try.
Strategically, both sides have weak pawns (d4 and e6) which tie down their
minor pieces. White has succeeded in opposing DSBs to fight for e5, but he's a
long way from being able to use that square. At some point White usually tries
to dislodge the Nc6 by advancing his queenside pawns, but this is easier said
than done.  Emanuel Berg's "GM Repertoire 16: The French" (vol.3) for Quality
Chess considers five moves for White here: Rad1, Rac1, a3, Bxd6, Qd2, and b4!?}
19. a3 ({Here's one amusing little line from Berg:} 19. b4 $5 Rac8 20. Rac1 Qb6
$1 21. Bxd6 Nxd4 22. Qg6 Nxe2+ 23. Bxe2 Qxd6 24. Bd3 Kg8 25. Qh7+ Kf7 26. Qg6+
Kg8 $11 {and White should repeat.}) (19. Rac1 Rf6 20. Qd2 Raf8 21. Rc3 (21. a3
Be8 22. Bxe8 Rxe8 23. Rc3 Ref8 24. b4 a6 25. f3 Bxg3 26. hxg3 Qd6 27. Rfc1 $14
{(1-0, 52) Tan,J (2448)-Berg,E (2573) Oslo, 2017.}) 21... Be8 22. Bxe8 Rxe8 23.
b4 Qb8 24. a3 Ref8 25. Qe3 a6 26. Rcc1 Re8 27. Rfe1 Ref8 28. Rf1 $11 Re8 29.
Rce1 Rff8 30. Bxd6 Qxd6 31. f4 a5 {½-½ Vachier Lagrave,M (2696)-Ganguly,S 
(2614) Gibraltar, 2009.}) 19... Rac8 ({Berg's repertoire recommends trading
the bad B with} 19... Be8 20. Bxe8 Raxe8 21. b4 a6 $1 $11) 20. Rac1 Qb8 21. Qd2
Rf6 22. Rc3 Rcf8 23. Re3 {[#]} b6 $6 {Black's Nc6 is crucial for control over
e5, so destabilizing it with ...b6 and then sending it on a hike doesn't seem
right.} (23... Be8 $5 24. Bg4 (24. Bxe8 Rxe8 25. Re1 Kg8 26. Nc3 Bxg3 27. hxg3
Qd6) 24... Bf7 25. Bh4 g5 (25... Bxh2+ {looks like a worse version of the
exchange sac lines shown above.}) 26. Bg3 {Black's kingside looks a littly
ropey, but I don't see a way to break it down.}) 24. Bg4 Na5 25. b3 Nb7 26. a4
b5 27. a5 b4 28. Be5 $1 Rg6 (28... Bxe5 29. dxe5 Rg6 30. Qxb4 Nxa5 31. Qxb8
Rxb8 32. Bh5 Rg5 33. g4 {Traps the R to win an ex.}) 29. Bh5 Rg5 30. Rh3 {
[%mdl 64] [#] Critical Position Suddenly Black is in big trouble. White
already threatens Qxg5!} Rff5 $2 {White is attacking the kingside with his
minors and Black is defending with his Rs, so it shouldn't be surprising that
Black's saving options all involve giving up an exchange, but it's hard to say
which one is best.} (30... Rgf5 $4 31. Qxh6+ Kg8 32. Qxg7#) (30... Rxe5 $6 31.
dxe5 Bxe5 32. Bg6 Kg8 $1 {and White can play for an attck with f4 or simply
take on b4.} (32... Bf4 $2 33. Nxf4 Qxf4 34. Qxf4 Rxf4 35. Rc1 $18)) (30... Kg8
$5 31. f4 Rxh5 32. Rxh5 Nxa5 33. Rh3 {Black has some comp for the ex, but what
should he do with his N?}) (30... Bxe5 $5 31. dxe5 (31. Qxg5 Bxh2+ 32. Kh1 Kg8
$14) 31... Kg8 (31... Rxe5 $2 32. Bg6 Rf6 33. Rxh6+ $3 Kg8 34. Bh7+ $18) 32. f4
Rxh5 $14 {Black has some comp for the ex, but it doesn't feel like enough.})
31. Ng3 {Now White wins an exchange while leaving Black with no play.} Bxe5 (
31... Rxe5 32. dxe5 Rxe5 (32... Bxe5 $4 33. Qxg5 hxg5 34. Bf7#) 33. Bg6 {
threatening Rxh6+-.} Bf8 34. Bb1 $18 {and Qd3 with a deadly attack on the
light squares.}) 32. dxe5 Rxg3 33. hxg3 {[#]} Nc5 (33... Qxe5 34. Qxb4 $18) (
33... Rxe5 34. Bg6 {and Rxh6.}) 34. Bg6 Qxe5 35. Bxf5 {White simplifies to win.
} exf5 36. Qf4 Qe2 (36... Qxf4 37. gxf4 {leaves Black down two exchanges.}) 37.
Qd6 1-0